000 00562cam a2200145 4500500
005 20251228072921.0
041 _afre
042 _adc
100 1 0 _aCléro, Jean-Pierre
_eauthor
245 0 0 _aAmartya SEN, La démocratie des autres. Pourquoi la liberté n’est pas une invention de l’Occident, trad. M. Bégot, Paris, Manuels Payot, 2005, 86 p.
260 _c2005.
500 _a59
786 0 _nCités | 24 | 4 | 2005-12-01 | p. 169d-185d | 1299-5495
856 4 1 _uhttps://shs.cairn.info/revue-cites-2005-4-page-169d?lang=fr&redirect-ssocas=7080
999 _c1594451
_d1594451